000 00473nam a22001457a 4500
003 OSt
005 20240425114425.0
008 240425b |||||||| |||| 00| 0 eng d
040 _cMRSPTU
100 _aVivekananda, Swami (विवेकानन्द, स्वामी)
245 _aVyaktitva Ka Vikas (व्यक्तित्व का विकास)
_bPersonality Development
260 _aNagpur
_bRam Krishan Muth
_c2023
300 _a47
942 _2ddc
_cBK
_n0
999 _c10138
_d10138